000 00622nam a2200229 a 4500
001 86511
003 BD-RjUL
005 20260519103618.0
008 260519s1898 enk||||| |||| 00| 0 eng d
035 _a(BD-RjUL)86511
040 _aBD-RjUL
_beng
_cBD-RjUL
041 _aeng
082 _223
_a843.7
_bBAD 1898
100 _aBalzac, Honoré de,
_d1799-1850
_918519
245 _aThe Deputy from Arcis /
_cHonoré de Balzac,
250 _aCaxton ed.
260 _aLondon :
_bCaxton Publishing,
_c1898
300 _av. ;
_c21 cm.
505 0 1 _aVol. 1--Vol. 2--
650 _aFrench fiction
_918499
942 _2ddc
_cBK
999 _c86511
_d86511